Macroeconomics
Saved in:
| Main Author: | |
|---|---|
| Other Authors: | |
| Format: | Book |
| Language: | English |
| Published: |
New York :
McGraw-Hill,
1994.
|
| Edition: | 6η έκδ. |
| Subjects: | |
| Tags: |
Add Tag
No Tags, Be the first to tag this record!
|
MARC
| LEADER | 00000cam a2200000 a 4500 | ||
|---|---|---|---|
| 001 | 1/118645 | ||
| 008 | 190514t1994####nyu| ||| |||| ||eng|| | ||
| 020 | |a 0071125906 |q (χαρτόδετο) | ||
| 040 | |a GR-MyUa |b gre |c GR-MyUa |e AACR2 | ||
| 041 | 0 | |a eng | |
| 082 | 7 | |a 339 |2 (23) | |
| 100 | 1 | |a Dornbusch, Rudiger. | |
| 245 | 1 | 0 | |a Macroeconomics / |c Rudiger Dornbusch and Stanley Fischer. |
| 250 | |a 6η έκδ. | ||
| 260 | |a New York : |b McGraw-Hill, |c 1994. | ||
| 300 | |a xxi, 672 σ. (ποικίλη σελιδαρίθμιση) : |b διαγρ., πίν. ; |c 24 εκ. | ||
| 504 | |a Περιλαμβάνει βιβλιογραφικές παραπομπές και ευρετήριο. | ||
| 650 | 0 | |a Macroeconomics. | |
| 700 | 1 | |a Fischer, Stanley. | |
| 852 | |a INST |b CHIOS |c TSAMOYRGELIS |e 20190514 |h 339 DOR |p 005200038841 |q 005200038841 |t BK |y 0 | ||
| 970 | |a Σπέντζα |b Ελένη |z 14-05-2019 | ||